Quiz studio ghibli - Statistiques

Statistiques générales
  • Ce quiz a été pris 251 fois
  • Le résultat moyen est 16 sur 23
Statistiques - réponses
Année de sortie Films % Correct
2004 Le Château ambulant
94%
1986 Le Château dans le Ciel
93%
1988 Mon Voisin Totoro
92%
1997 Princesse Mononoké
87%
1989 Kiki la petite sorcière
85%
2001 Le Voyage de Chihiro
85%
2013 Le vent se lève
80%
2008 Ponyo sur la falaise
80%
1992 Porco Rosso
80%
1988 Le Tombeau des lucioles
77%
2011 La Colline aux coquelicots
71%
2002 Le Royaume des chats
70%
1995 Si tu tends l'oreille
63%
2014 Souvenirs de Marnie
63%
1994 Pompoko
62%
2006 Les Contes de Terremer
57%
2013 Le Conte de la princesse Kaguya
49%
1999 Mes voisins les Yamada
48%
1984 Nausicaä de la Vallée du Vent
48%
2010 Arrietty : Le Petit Monde des Chapardeurs
47%
1991 Souvenirs goutte à goutte
43%
1993 Je peux entendre l'Ocean
41%
2016 La Tortue Rouge
37%
Aucun quiz correspondant
Distribution des résultats
% des personnes avec chaque résultat
Percentile par nombre de réponses
Votre historique - résultats
Vous n’avez pas pris ce quiz